00260 a2200121 450000100060000002000060000604000220001224000340003424500290006830000080009736200090010565000240011460829 a  cAnchieta - Pituba10aA segunda guerra mundiallpor10aA segunda guerra mundial a2880 a1966 4aHistória do mundo